000 00352nam a2200133Ia 4500
008 220217s9999||||xx |||||||||||||| ||und||
082 _a620.1123 SIN
100 _aSingh, Sadhu
245 0 _aExperimental stress analysis
250 _a4th
260 _aKhanna publishers
_bNew Delhi
_c2013
300 _aXIX, 732p.
_b225
650 _aMECHANICHAL
999 _c184864
_d184864